| 000 -LEADER | |
|---|---|
| fixed length control field | 00428nam a22001697a 4500 |
| 005 - DATE AND TIME OF LATEST TRANSACTION | |
| control field | 20180804111700.0 |
| 008 - FIXED-LENGTH DATA ELEMENTS--GENERAL INFORMATION | |
| fixed length control field | 160630b xxu||||| |||| 00| 0 eng d |
| 020 ## - INTERNATIONAL STANDARD BOOK NUMBER | |
| ISBN | 81-219-2191-0 |
| 041 ## - LANGUAGE CODE | |
| Language code of text/sound track or separate title | eng |
| 082 ## - DEWEY DECIMAL CLASSIFICATION NUMBER | |
| Item number | 19804 |
| 100 ## - MAIN ENTRY--AUTHOR NAME | |
| Personal name | MEHTA, V.K. |
| 245 ## - TITLE STATEMENT | |
| Title | Principles of electrical machines |
| 260 ## - PUBLICATION, DISTRIBUTION, ETC. (IMPRINT) | |
| Place of publication | New Delhi |
| Name of publisher | Sultan Chand & Sons, |
| Year of publication | 2014 |
| 300 ## - PHYSICAL DESCRIPTION | |
| Number of Pages | 665p, |
| 650 ## - SUBJECT ADDED ENTRY--TOPICAL TERM | |
| Topical Term | Diploma Engineering |
| 942 ## - ADDED ENTRY ELEMENTS (KOHA) | |
| Koha item type | Books |
| Lost status | Damaged status | Home library | Current library | Shelving location | Date acquired | Cost, normal purchase price | Full call number | Accession Number | Koha item type |
|---|---|---|---|---|---|---|---|---|---|
| JRU Library | SHELF-38-J | 30/06/2016 | 450.00 | 19804 | 19804 | Books | |||
| JRU Library | SHELF-38-J | 30/06/2016 | 450.00 | 19804 | 19805 | Books | |||
| JRU Library | SHELF-38-J | 30/06/2016 | 450.00 | 19804 | 19806 | Books | |||
| JRU Library | SHELF-38-J | 30/06/2016 | 450.00 | 19804 | 19807 | Books | |||
| JRU Library | SHELF-38-J | 30/06/2016 | 450.00 | 19804 | 19808 | Books | |||
| JRU Library | SHELF-38-J | 30/06/2016 | 450.00 | 19804 | 19809 | Books | |||
| JRU Library | SHELF-38-J | 30/06/2016 | 450.00 | 19804 | 19810 | Books | |||
| JRU Library | SHELF-38-J | 30/06/2016 | 450.00 | 19804 | 19811 | Books | |||
| JRU Library | SHELF-38-J | 30/06/2016 | 450.00 | 19804 | 19812 | Books | |||
| JRU Library | SHELF-38-J | 30/06/2016 | 450.00 | 19804 | 19813 | Books | |||
| JRU Library | SHELF-38-J | 30/06/2016 | 450.00 | 19804 | 19814 | Books | |||
| JRU Library | SHELF-38-J | 30/06/2016 | 450.00 | 19804 | 19815 | Books | |||
| JRU Library | SHELF-38-J | 30/06/2016 | 450.00 | 19804 | 19816 | Books | |||
| JRU Library | SHELF-38-J | 30/06/2016 | 450.00 | 19804 | 19817 | Books | |||
| JRU Library | SHELF-38-J | 30/06/2016 | 450.00 | 19804 | 19818 | Books |